|
|
|
|
| LEADER |
00968ncm a2200265 a 4500 |
| 001 |
000531565 |
| 003 |
CZ BrMZK |
| 005 |
20000105143423.0 |
| 008 |
000105s2000 xr f cze d |
| 015 |
|
|
|a cnb000979542
|
| 028 |
0 |
3 |
|b Jiří Vrána
|
| 040 |
|
|
|a BOA001
|b cze
|
| 080 |
|
|
|a 788.085.2
|2 MRF
|
| 100 |
1 |
|
|a Vrána, Jiří,
|d 1947-2006
|7 jn19990210810
|4 cmp
|
| 245 |
1 |
0 |
|a Tvé oči slibují
|h [hudebnina] :
|b tango /
|c hudba Jiří Vrána ; text Hana Čiháková.
|
| 260 |
|
|
|a Zdounky :
|b Jiří Vrána,
|c c2000
|
| 300 |
|
|
|a 1 řídící hlas ;
|c 31 cm +
|e 16 hlasů.
|
| 490 |
1 |
|
|a Malá dechová hudba
|
| 653 |
0 |
|
|a malý dechový orchestr
|a písně s dechovým orchestrem
|
| 700 |
1 |
|
|a Čiháková, Hana,
|d 1943-2005
|7 jx20050621033
|4 lyr
|
| 830 |
|
0 |
|a Malá dechová hudba
|
| 910 |
|
|
|a BOA001
|b Mus4-1071.098
|
| 964 |
|
|
|a Orchestr dechový
|x HUD
|
| 990 |
|
|
|a MU
|
| 996 |
6 |
|
|b 2610111466
|c Mus4-1071.098
|l MZK
|r Sklad / do 1 hodiny
|n 1
|p p.v.
|w 000531565
|u 000010
|a 1
|e BOA001
|j MZK50
|s P
|